|
|
|
|
| LEADER |
00977nam a2200205 a 4500 |
| 001 |
GR-MES4199 |
| 008 |
991111s1995 gr 000 0 gre d |
| 040 |
|
|
|a GrPaTEI
|b gre
|c GR-PaULI
|
| 245 |
0 |
0 |
|a Αγγλική δακτυλογραφία :
|b Με γραφομηχανή και ηλεκτρονικό υπολογιστή.
|
| 260 |
|
|
|a Αθήνα :
|b Σύγχρονη εκδοτική,
|c 1995
|
| 300 |
|
|
|a 246σελ. :
|b πιν.,σχεδ.,σχημ.,εικ.,φωτ.
|
| 500 |
|
|
|a Περιέχει βιβλιογραφία
|
| 650 |
|
4 |
|a ΔΑΚΤΥΛΟΓΡΑΦΙΑ
|
| 650 |
|
4 |
|a ΕΠΕΞΕΡΓΑΣΙΑ ΚΕΙΜΕΝΟΥ
|
| 650 |
|
4 |
|a Η/Υ
|
| 700 |
1 |
|
|a Μαυρομανωλάκης, Μιχάλης Μ.
|
| 942 |
|
|
|2 ddc
|
| 952 |
|
|
|0 0
|1 0
|2 ddc
|4 0
|6 652_320000000000000_ΜΑΥ
|7 0
|9 268860
|a MSLG
|b MSLG
|c BSC
|d 2021-01-17
|e 24
|f 0
|g 0.00
|l 0
|o 652.32 ΜΑΥ
|p 2420000010419
|r 2021-01-17 00:00:00
|t 1
|w 2021-01-17
|y BK15
|x 19991111 0 1
|x GrPaTEI
|
| 971 |
|
|
|a .b25752455
|b 24-08-20
|c 13-09-16
|
| 999 |
|
|
|c 154977
|d 154977
|